It looks like you're offline.
Open Library logo
additional options menu

MARC Record from Library of Congress

Record ID marc_loc_2016/BooksAll.2016.part13.utf8:7599756:579
Source Library of Congress
Download Link /show-records/marc_loc_2016/BooksAll.2016.part13.utf8:7599756:579?format=raw

LEADER: 00579cam a2200217 i 4500
001 80146837
003 DLC
005 19950922143452.3
008 810702s1980 onc 00011 eng
010 $a 80146837 //r95
015 $aC***
020 $a0773600809 :$c$12.95
040 $aDLC$cDLC$dDLC
050 00 $aPR9199.3.R58$bP4
082 00 $a813/.54$219
100 10 $aRohmer, Richard H.
245 10 $aPeriscope red /$cRichard Rohmer.
260 0 $aDon Mills, Ont. :$bGeneral Pub. Co.,$c1980.
300 $a282 p ;$c24 cm.
500 $aSequel: Triad.
655 7 $aScience fiction.$2gsafd